| 000 | 00433nam a22001697a 4500 | ||
|---|---|---|---|
| 005 | 20241001161052.0 | ||
| 008 | 241001b |||||||| |||| 00| 0 eng d | ||
| 020 | _a8121901111 | ||
| 082 | _a670 | ||
| 100 | _aSharma P C | ||
| 245 |
_aA Textbook of Production Engineering / _cSharma P C |
||
| 250 | _a10th | ||
| 260 |
_aNew Delhi _bChand & Company Ltd _c2009 |
||
| 650 | 0 | _aMechanical Engineering | |
| 942 | _cBK | ||
| 999 |
_c248795 _d248795 |
||